Диаграммы о ввозе и вывозе муки и пшеницы по странам за 1883-1907 годы. Статистические сведения о вывозе и ввозе зерновых культу...

Доступно только в Электронных читальных залах Найти на картеНа карте
RUSMARC
00003692nmc2a22002413x 450
0010a57bce1-5c86-45db-b0c7-f643dcba7d8d
00520210402220128.0
100##$a20200915l18801918k l0rusy0189 ca
1010#$arus
102##$aRU
105##$aa###
1222#$ad
2001#$aДиаграммы о ввозе и вывозе муки и пшеницы по странам за 1883-1907 годы. Статистические сведения о вывозе и ввозе зерновых культур за 1898-1905 годы
$jбез даты
215##$a13 л.
$cдиагр.
$d36,5х26 см
251##$cДело
300##$aОтдел статистический
371##$aДокумент не является опубликованным и широко распространяемым
461#0$1001462bc950-73da-43c4-909a-7b2c52d22778
$12001
$aСовет съездов представителей промышленности и торговли
$1251
$cФонд
$1852
$j32
462#0$10016d63d908-4edb-4782-94eb-bfaf477d4f70
$12001
$aОпись № 1
$1251
$cОпись
$1852
$j1
801#0$aRU
$bРГИА
$c20200915
$gRCR
801#1$aRU
$bГлавНИВЦ
$c20200915
$2rusmarc
801#2$aRU
$bПБ им. Б.Н. Ельцина
$c20210402
$gRCR
$2rusmarc
850##$aРГИА
852##$aРГИА
$eФедеральное казенное учреждение "Российский государственный исторический архив" (РГИА)
$j1163
937##$hРГИА
$d12351626
$aASBIBLIO_SCAN
035##$aRusGRCC00012531
856##$uhttp://readingroom.main.prlib.ru/item.aspx?id_node=n161073929&mode=full
Формат отображения